000 00413nab a2200145Ia 4500
003 ES-SlBCS
005 20210601125451.0
008 140529s1983-84 xxu||||| |||| 00| 0 eng d
041 _aeng
100 1 _aCotta, Sergio
_963076
245 0 0 _aPositive Law and Natural Law
_c Sergio Cotta
650 0 4 _aLey Natural
_9126281
773 0 _tReview of Methaphysics
_gvol. 37, 1983-84, págs. 265-286
_wRev843
942 _cAR
999 _c530806
_d530806